[Event "WYCC Girls U18"]
[Site "Porto Carras"]
[Date "2015.11.01"]
[Round "7.1"]
[White "Khomeriki, Nino"]
[Black "Mahalakshmi, M"]
[Result "0-1"]
[BlackElo "2019"]
[WhiteElo "2295"]
[LiveChessVersion "1.4.6"]

1. d4 {[%clk 1:30:48]} Nf6 {[%clk 1:30:49]} 2. c4 {[%clk 1:31:07]} e6
{[%clk 1:30:52]} 3. Nf3 {[%clk 1:31:30]} Bb4+ {[%clk 1:30:32]} 4. Bd2
{[%clk 1:31:45]} a5 {[%clk 1:30:04]} 5. Nc3 {[%clk 1:32:00]} d5 {[%clk 1:28:33]}
6. cxd5 {[%clk 1:32:00]} exd5 {[%clk 1:28:17]} 7. Bg5 {[%clk 1:32:19]} h6
{[%clk 1:26:16]} 8. Bh4 {[%clk 1:30:51]} c6 {[%clk 1:22:52]} 9. e3
{[%clk 1:30:17]} Bf5 {[%clk 1:20:49]} 10. Bd3 {[%clk 1:21:31]} Bxd3
{[%clk 1:19:00]} 11. Qxd3 {[%clk 1:21:53]} Nbd7 {[%clk 1:14:56]} 12. O-O
{[%clk 1:13:04]} O-O {[%clk 1:13:43]} 13. Ne5 {[%clk 1:10:45]} Qe8
{[%clk 1:10:13]} 14. f4 {[%clk 1:05:07]} Bxc3 {[%clk 1:06:38]} 15. bxc3
{[%clk 1:05:05]} Ne4 {[%clk 1:05:03]} 16. c4 {[%clk 1:02:46]} f6 {[%clk 0:57:59]}
17. cxd5 {[%clk 0:48:46]} cxd5 {[%clk 0:53:11]} 18. Qb3 {[%clk 0:49:00]} Qe6
{[%clk 0:47:31]} 19. Ng6 {[%clk 0:42:19]} Nd2 {[%clk 0:29:33]} 20. Nxf8
{[%clk 0:41:33]} Rxf8 {[%clk 0:29:46]} 21. f5 {[%clk 0:36:35]} Qc6
{[%clk 0:28:13]} 22. Qa3 {[%clk 0:35:30]} Nxf1 {[%clk 0:26:45]} 23. Rxf1
{[%clk 0:34:58]} Nb6 {[%clk 0:21:11]} 24. Qxa5 {[%clk 0:23:36]} Nc4
{[%clk 0:16:42]} 25. Qb4 {[%clk 0:11:52]} Nxe3 {[%clk 0:15:00]} 26. Rf3
{[%clk 0:11:55]} Re8 {[%clk 0:10:53]} 27. Qd2 {[%clk 0:11:00]} Nc4
{[%clk 0:10:06]} 28. Qc1 {[%clk 0:11:07]} Re2 {[%clk 0:08:27]} 29. a3
{[%clk 0:09:22]} Qe8 {[%clk 0:07:06]} 30. Bf2 Qe4 {[%clk 0:05:45]} 31. Rf4
{[%clk 0:04:47]} Qd3 {[%clk 0:04:51]} 32. Rf3 {[%clk 0:04:27]} Qe4
{[%clk 0:04:48]} 33. Rf4 {[%clk 0:04:52]} Qd3 {[%clk 0:04:27]} 34. Rf3
{[%clk 0:05:19]} Rc2 {[%clk 0:04:29]} 35. Qe1 {[%clk 0:03:50]} Qe4
{[%clk 0:04:39]} 36. h3 {[%clk 0:02:50]} Re2 {[%clk 0:03:48]} 37. Qc3
{[%clk 0:01:21]} Nd2 {[%clk 0:01:14]} 38. Qc8+ {[%clk 0:00:44]} Kh7
{[%clk 0:01:42]} 39. Rc3 {[%clk 0:01:07]} Re1+ {[%clk 0:01:00]} 40. Bxe1
{[%clk 0:31:11]} Qxe1+ {[%clk 0:31:29]} 41. Kh2 {[%clk 0:31:40]} Nf1+
{[%clk 0:31:24]} 42. Kg1 {[%clk 0:32:03]} Ng3+ {[%clk 0:31:26]} 43. Kh2
{[%clk 0:32:32]} Ne2 {[%clk 0:31:40]} 44. h4 {[%clk 0:32:25]} Qg1+
{[%clk 0:31:13]} 45. Kh3 {[%clk 0:32:49]} Qh1+ {[%clk 0:31:39]} 0-1

[Event "WYCC Girls U18"]
[Site "Porto Carras"]
[Date "2015.11.01"]
[Round "7.2"]
[White "Varshini, V"]
[Black "Velikic, Adela"]
[Result "1-0"]
[BlackElo "2363"]
[WhiteElo "2105"]
[LiveChessVersion "1.4.6"]

1. e4 {[%clk 1:30:57]} c6 {[%clk 1:30:53]} 2. d4 {[%clk 1:31:20]} d5
{[%clk 1:31:17]} 3. e5 {[%clk 1:31:46]} Bf5 {[%clk 1:31:40]} 4. Nf3
{[%clk 1:32:10]} e6 {[%clk 1:32:03]} 5. Be2 {[%clk 1:32:28]} Nd7 {[%clk 1:32:24]}
6. O-O {[%clk 1:32:28]} Ne7 {[%clk 1:32:38]} 7. Nbd2 {[%clk 1:27:37]} c5
{[%clk 1:28:18]} 8. c4 {[%clk 1:16:40]} Nc6 {[%clk 1:05:47]} 9. cxd5
{[%clk 1:09:20]} exd5 {[%clk 1:06:05]} 10. dxc5 {[%clk 1:06:32]} Bxc5
{[%clk 0:59:54]} 11. Nb3 {[%clk 1:04:01]} O-O {[%clk 0:35:54]} 12. Nfd4
{[%clk 0:51:56]} Be4 {[%clk 0:15:52]} 13. Nxc5 {[%clk 0:38:45]} Nxc5
{[%clk 0:16:14]} 14. f3 {[%clk 0:38:26]} Nxd4 {[%clk 0:07:10]} 15. Qxd4
{[%clk 0:38:45]} Ne6 {[%clk 0:07:38]} 16. Qd1 {[%clk 0:29:12]} Bf5
{[%clk 0:07:17]} 17. f4 {[%clk 0:25:51]} Qb6+ {[%clk 0:06:53]} 18. Kh1
{[%clk 0:26:10]} Rfd8 {[%clk 0:06:40]} 19. Bg4 {[%clk 0:23:42]} Bxg4
{[%clk 0:02:50]} 20. Qxg4 {[%clk 0:24:10]} Qb4 {[%clk 0:02:38]} 21. Qg3
{[%clk 0:17:17]} Nc5 {[%clk 0:02:23]} 22. f5 {[%clk 0:17:22]} Ne4
{[%clk 0:02:34]} 23. Qh4 {[%clk 0:17:08]} Qc4 {[%clk 0:01:11]} 24. Bg5
{[%clk 0:15:48]} Re8 {[%clk 0:00:35]} 25. Be7 {[%clk 0:14:06]} Nd2
{[%clk 0:00:43]} 26. Rf4 {[%clk 0:14:13]} Qc7 {[%clk 0:00:42]} 27. Bf6
{[%clk 0:13:35]} Ne4 {[%clk 0:00:53]} 28. Rxe4 {[%clk 0:13:31]} dxe4
{[%clk 0:00:32]} 29. Qg5 {[%clk 0:13:53]} 1-0

[Event "WYCC Girls U18"]
[Site "Porto Carras"]
[Date "2015.11.01"]
[Round "7.3"]
[White "Blagojevic, Tijana"]
[Black "Harazinska, Ewa"]
[Result "1/2-1/2"]
[BlackElo "2087"]
[WhiteElo "2315"]
[LiveChessVersion "1.4.6"]

1. e4 {[%clk 1:30:56]} c5 {[%clk 1:30:57]} 2. Nf3 {[%clk 1:31:13]} d6
{[%clk 1:31:23]} 3. Bb5+ {[%clk 1:31:37]} Bd7 {[%clk 1:31:47]} 4. Bxd7+
{[%clk 1:31:52]} Qxd7 {[%clk 1:32:13]} 5. O-O {[%clk 1:32:15]} Nf6
{[%clk 1:32:34]} 6. Qe2 {[%clk 1:32:08]} Nc6 {[%clk 1:32:58]} 7. Rd1
{[%clk 1:32:32]} Rc8 {[%clk 1:33:23]} 8. c3 {[%clk 1:29:50]} e6 {[%clk 1:29:50]}
9. d4 {[%clk 1:27:40]} cxd4 {[%clk 1:30:13]} 10. Bg5 {[%clk 1:27:59]} Be7
{[%clk 1:27:46]} 11. cxd4 {[%clk 1:26:49]} h6 {[%clk 1:18:22]} 12. Bh4
{[%clk 1:18:20]} O-O {[%clk 1:05:33]} 13. Nc3 {[%clk 1:18:38]} a6
{[%clk 0:56:39]} 14. Rac1 {[%clk 1:17:00]} b5 {[%clk 0:56:00]} 15. d5
{[%clk 1:11:33]} exd5 {[%clk 0:45:54]} 16. Nxd5 {[%clk 1:06:51]} Nxd5
{[%clk 0:44:28]} 17. exd5 {[%clk 1:06:51]} Ne5 {[%clk 0:44:46]} 18. Nxe5
{[%clk 1:01:32]} dxe5 {[%clk 0:44:44]} 19. Rxc8 {[%clk 0:59:59]} Rxc8
{[%clk 0:45:08]} 20. Bxe7 {[%clk 1:00:19]} Qxe7 {[%clk 0:45:34]} 21. d6
{[%clk 1:00:30]} Qe6 {[%clk 0:41:58]} 22. d7 {[%clk 0:55:37]} Rd8
{[%clk 0:42:21]} 23. Qc2 {[%clk 0:55:44]} f5 {[%clk 0:40:09]} 24. Qc7
{[%clk 0:54:49]} Qe7 {[%clk 0:40:28]} 25. Qc6 {[%clk 0:44:55]} Kf7
{[%clk 0:36:32]} 26. Rd6 {[%clk 0:42:08]} a5 {[%clk 0:27:28]} 27. h4
{[%clk 0:39:49]} f4 {[%clk 0:22:03]} 28. f3 {[%clk 0:33:21]} Kf8 {[%clk 0:18:35]}
29. Qd5 {[%clk 0:29:06]} e4 {[%clk 0:14:42]} 30. fxe4 {[%clk 0:25:59]} Qxh4
{[%clk 0:14:50]} 31. Qf5+ {[%clk 0:23:52]} Kg8 {[%clk 0:15:16]} 32. Rd1
{[%clk 0:23:34]} Qg3 {[%clk 0:11:38]} 33. Qe6+ {[%clk 0:16:36]} Kh7
{[%clk 0:11:54]} 34. Qf5+ {[%clk 0:15:55]} Kg8 {[%clk 0:11:56]} 35. Rf1
{[%clk 0:15:45]} Qe3+ {[%clk 0:10:41]} 36. Kh1 {[%clk 0:16:09]} Qd3
{[%clk 0:10:30]} 37. Qe6+ {[%clk 0:14:37]} Kh7 {[%clk 0:10:30]} 38. Qf5+
{[%clk 0:13:38]} Kg8 {[%clk 0:10:56]} 39. Qxf4 {[%clk 0:09:49]} Rxd7
{[%clk 0:10:35]} 40. e5 {[%clk 0:36:52]} Rd4 {[%clk 0:35:07]} 41. Qf7+
{[%clk 0:36:52]} Kh7 {[%clk 0:35:20]} 42. e6 {[%clk 0:35:23]} Rh4+
{[%clk 0:27:54]} 43. Kg1 {[%clk 0:33:19]} Re4 {[%clk 0:27:32]} 44. Qf5+
{[%clk 0:32:32]} Kg8 {[%clk 0:27:53]} 45. Qf8+ {[%clk 0:29:58]} Kh7
{[%clk 0:28:21]} 46. Qf5+ {[%clk 0:29:17]} Kg8 {[%clk 0:28:50]} 47. Qf2
{[%clk 0:23:43]} Qe2 {[%clk 0:20:57]} 1/2-1/2

[Event "WYCC Girls U18"]
[Site "Porto Carras"]
[Date "2015.11.01"]
[Round "7.4"]
[White "Parpieva, Nodirabegim"]
[Black "Wozniak, Mariola"]
[Result "1-0"]
[BlackElo "2211"]
[WhiteElo "1901"]
[LiveChessVersion "1.4.6"]

1. e4 {[%clk 1:30:57]} c5 {[%clk 1:30:57]} 2. Nf3 {[%clk 1:31:22]} d6
{[%clk 1:31:24]} 3. d4 {[%clk 1:31:48]} cxd4 {[%clk 1:31:50]} 4. Nxd4
{[%clk 1:32:14]} Nf6 {[%clk 1:32:16]} 5. Nc3 {[%clk 1:32:38]} Bd7
{[%clk 1:32:42]} 6. Be3 {[%clk 1:11:59]} e5 {[%clk 1:31:01]} 7. Nb3
{[%clk 1:07:31]} Bc6 {[%clk 1:29:30]} 8. Bg5 {[%clk 0:46:46]} Nbd7
{[%clk 1:26:34]} 9. f3 {[%clk 0:37:18]} Be7 {[%clk 1:26:33]} 10. Qd2
{[%clk 0:37:04]} O-O {[%clk 1:25:10]} 11. h4 {[%clk 0:33:15]} Qc7
{[%clk 1:13:10]} 12. O-O-O {[%clk 0:31:06]} a5 {[%clk 1:12:35]} 13. Kb1
{[%clk 0:26:36]} a4 {[%clk 1:10:09]} 14. Nc1 {[%clk 0:26:58]} Ra5
{[%clk 1:06:40]} 15. Nd3 {[%clk 0:21:01]} Rc8 {[%clk 1:01:47]} 16. Nb4
{[%clk 0:16:55]} a3 {[%clk 0:56:46]} 17. b3 {[%clk 0:15:13]} d5 {[%clk 0:53:29]}
18. Nbxd5 {[%clk 0:14:44]} Bxd5 {[%clk 0:53:44]} 19. Nxd5 {[%clk 0:14:10]} Nxd5
{[%clk 0:51:43]} 20. exd5 {[%clk 0:14:36]} Rxd5 {[%clk 0:49:40]} 21. Bd3
{[%clk 0:14:49]} Nb6 {[%clk 0:44:44]} 22. c4 {[%clk 0:10:13]} Rd4
{[%clk 0:38:53]} 23. Be3 {[%clk 0:09:12]} Rdd8 {[%clk 0:31:21]} 24. Qa5
{[%clk 0:06:28]} Na8 {[%clk 0:28:37]} 25. Qxc7 {[%clk 0:06:37]} Rxc7
{[%clk 0:28:02]} 26. h5 {[%clk 0:05:39]} Rcd7 {[%clk 0:27:54]} 27. Kc2
{[%clk 0:05:55]} g6 {[%clk 0:26:43]} 28. hxg6 {[%clk 0:05:02]} hxg6
{[%clk 0:27:07]} 29. Be4 {[%clk 0:04:53]} Kg7 {[%clk 0:23:30]} 30. g4
{[%clk 0:04:35]} Bd6 {[%clk 0:21:17]} 31. Rd2 {[%clk 0:03:50]} Kf6
{[%clk 0:20:33]} 32. Rhd1 {[%clk 0:03:56]} Ke6 {[%clk 0:19:33]} 33. c5
{[%clk 0:03:39]} Be7 {[%clk 0:19:27]} 34. Bf5+ {[%clk 0:03:32]} 1-0

[Event "WYCC Girls U18"]
[Site "Porto Carras"]
[Date "2015.11.01"]
[Round "7.5"]
[White "Derakhshani, Dorsa"]
[Black "Srija, Seshadri"]
[Result "1-0"]
[BlackElo "1911"]
[WhiteElo "2356"]
[LiveChessVersion "1.4.6"]

1. e4 {[%clk 1:30:58]} e5 {[%clk 1:30:50]} 2. Nf3 {[%clk 1:31:24]} Nc6
{[%clk 1:31:15]} 3. d4 {[%clk 1:31:51]} exd4 {[%clk 1:31:39]} 4. Nxd4
{[%clk 1:32:17]} Bc5 {[%clk 1:31:58]} 5. Nb3 {[%clk 1:32:44]} Bb6
{[%clk 1:32:19]} 6. Nc3 {[%clk 1:33:09]} Qf6 {[%clk 1:32:38]} 7. Qe2
{[%clk 1:32:58]} Nge7 {[%clk 1:32:56]} 8. h4 {[%clk 1:26:18]} O-O
{[%clk 1:32:00]} 9. g4 {[%clk 1:17:50]} Nd4 {[%clk 1:23:28]} 10. Nxd4
{[%clk 1:17:43]} Bxd4 {[%clk 1:23:50]} 11. Bd2 {[%clk 1:17:11]} Re8
{[%clk 1:21:02]} 12. g5 {[%clk 1:11:45]} Qb6 {[%clk 1:20:57]} 13. O-O-O
{[%clk 1:10:42]} d6 {[%clk 1:14:12]} 14. Kb1 {[%clk 1:06:42]} Bd7
{[%clk 1:11:38]} 15. Bh3 {[%clk 0:59:20]} Bc6 {[%clk 1:06:21]} 16. Be3
{[%clk 0:52:58]} Bxe3 {[%clk 1:05:39]} 17. fxe3 {[%clk 0:52:03]} Ng6
{[%clk 1:04:32]} 18. h5 {[%clk 0:52:01]} Ne5 {[%clk 1:04:47]} 19. h6
{[%clk 0:51:42]} Qb4 {[%clk 0:58:28]} 20. Rd4 {[%clk 0:45:38]} Qc5
{[%clk 0:57:26]} 21. hxg7 {[%clk 0:44:13]} Ng6 {[%clk 0:56:51]} 22. Nd5
{[%clk 0:42:32]} Kxg7 {[%clk 0:54:08]} 23. Bf5 {[%clk 0:35:12]} Bxd5
{[%clk 0:50:23]} 24. Rxd5 {[%clk 0:33:56]} Qc6 {[%clk 0:50:25]} 25. Qh5
{[%clk 0:25:40]} Rh8 {[%clk 0:50:41]} 26. Qh6+ {[%clk 0:26:07]} Kg8
{[%clk 0:51:06]} 27. Bxg6 {[%clk 0:25:25]} fxg6 {[%clk 0:51:27]} 28. Rh4
{[%clk 0:23:29]} Rf8 {[%clk 0:48:47]} 29. Rf4 {[%clk 0:19:52]} Rxf4
{[%clk 0:43:24]} 30. exf4 {[%clk 0:20:21]} Qc4 {[%clk 0:43:10]} 31. Qh1
{[%clk 0:20:45]} Kg7 {[%clk 0:42:01]} 32. b3 {[%clk 0:19:32]} Qe2
{[%clk 0:39:50]} 33. f5 {[%clk 0:19:19]} h5 {[%clk 0:38:07]} 34. f6+
{[%clk 0:16:25]} Kf7 {[%clk 0:37:42]} 35. e5 {[%clk 0:16:53]} Rd8
{[%clk 0:31:55]} 36. exd6 {[%clk 0:14:58]} c6 {[%clk 0:31:00]} 37. Rd1
{[%clk 0:14:39]} Qg4 {[%clk 0:27:33]} 38. Qe1 {[%clk 0:14:09]} Rd7
{[%clk 0:25:54]} 39. Qd2 {[%clk 0:13:51]} h4 {[%clk 0:25:13]} 40. Re1
{[%clk 0:44:05]} h3 {[%clk 0:53:50]} 41. Qe3 {[%clk 0:44:04]} Kg8
{[%clk 0:52:00]} 42. Qe8+ {[%clk 0:40:51]} Kh7 {[%clk 0:52:28]} 43. Re7+
{[%clk 0:40:46]} Rxe7 {[%clk 0:52:56]} 44. Qxe7+ {[%clk 0:41:09]} Kg8
{[%clk 0:53:22]} 45. Qg7# {[%clk 0:41:32]} 1-0

[Event "WYCC Girls U18"]
[Site "Porto Carras"]
[Date "2015.11.01"]
[Round "7.6"]
[White "Gueci, Tea"]
[Black "Styazhkina, Anna"]
[Result "1-0"]
[BlackElo "2318"]
[WhiteElo "2110"]
[LiveChessVersion "1.4.6"]

1. Nf3 {[%clk 1:30:57]} d5 {[%clk 1:30:47]} 2. g3 {[%clk 1:31:24]} Nc6
{[%clk 1:30:56]} 3. d4 {[%clk 1:26:47]} Bf5 {[%clk 1:31:16]} 4. Bg2
{[%clk 1:26:39]} Nb4 {[%clk 1:31:20]} 5. Na3 {[%clk 1:25:44]} c6 {[%clk 1:31:40]}
6. O-O {[%clk 1:23:22]} h6 {[%clk 1:31:48]} 7. c3 {[%clk 1:19:20]} Na6
{[%clk 1:32:05]} 8. Nc2 {[%clk 1:18:44]} Nf6 {[%clk 1:32:10]} 9. Ne5
{[%clk 1:14:08]} e6 {[%clk 1:29:31]} 10. Ne1 {[%clk 1:08:12]} Bd6
{[%clk 1:29:30]} 11. N1d3 {[%clk 1:05:15]} O-O {[%clk 1:28:58]} 12. Re1
{[%clk 1:03:52]} c5 {[%clk 1:18:25]} 13. dxc5 {[%clk 0:53:13]} Nxc5
{[%clk 1:18:21]} 14. Nxc5 {[%clk 0:49:18]} Bxc5 {[%clk 1:14:01]} 15. Nd3
{[%clk 0:47:52]} Bb6 {[%clk 1:12:18]} 16. Bf4 {[%clk 0:46:01]} Qe7
{[%clk 1:09:35]} 17. Be5 {[%clk 0:43:30]} Rfd8 {[%clk 1:01:56]} 18. Bd4
{[%clk 0:41:23]} Bc7 {[%clk 0:59:13]} 19. f4 {[%clk 0:36:14]} Ne4
{[%clk 0:52:22]} 20. Nf2 {[%clk 0:35:18]} f6 {[%clk 0:37:54]} 21. Nxe4
{[%clk 0:33:18]} Bxe4 {[%clk 0:36:31]} 22. Bxe4 {[%clk 0:33:02]} dxe4
{[%clk 0:36:59]} 23. Qb3 {[%clk 0:30:32]} b6 {[%clk 0:36:55]} 24. Rad1
{[%clk 0:25:23]} Kh8 {[%clk 0:36:37]} 25. Be3 {[%clk 0:23:27]} f5
{[%clk 0:35:04]} 26. Rxd8+ {[%clk 0:19:17]} Rxd8 {[%clk 0:35:28]} 27. Rd1
{[%clk 0:19:35]} Rf8 {[%clk 0:29:43]} 28. Qb5 {[%clk 0:18:18]} Bd8
{[%clk 0:26:44]} 29. Qc6 {[%clk 0:14:57]} Qf7 {[%clk 0:24:49]} 30. Rd7
{[%clk 0:10:28]} Qh5 {[%clk 0:24:57]} 31. Qd6 {[%clk 0:08:51]} Qe8
{[%clk 0:23:47]} 32. Bd4 {[%clk 0:08:45]} Bf6 {[%clk 0:23:19]} 33. Bxf6
{[%clk 0:07:42]} gxf6 {[%clk 0:23:41]} 34. Qc7 {[%clk 0:05:12]} Qg6
{[%clk 0:23:27]} 35. Qxa7 {[%clk 0:04:23]} e5 {[%clk 0:22:21]} 36. Qc7
{[%clk 0:03:53]} exf4 {[%clk 0:21:34]} 37. Qxf4 {[%clk 0:04:13]} Qh5
{[%clk 0:21:23]} 38. Qd6 {[%clk 0:03:00]} Kg8 {[%clk 0:19:40]} 39. Qe6+
{[%clk 0:02:47]} Kh8 {[%clk 0:19:34]} 40. Qe7 {[%clk 0:32:49]} 1-0

[Event "WYCC Girls U18"]
[Site "Porto Carras"]
[Date "2015.11.01"]
[Round "7.8"]
[White "Fuskova, Martina"]
[Black "Parnali, S Dharia"]
[Result "1-0"]
[BlackElo "2130"]
[WhiteElo "2050"]
[LiveChessVersion "1.4.6"]

1. e4 {[%clk 1:30:58]} e5 {[%clk 1:30:52]} 2. Nf3 {[%clk 1:31:19]} Nc6
{[%clk 1:31:18]} 3. Bb5 {[%clk 1:31:42]} a6 {[%clk 1:31:43]} 4. Ba4
{[%clk 1:32:04]} Nf6 {[%clk 1:32:07]} 5. O-O {[%clk 1:32:23]} b5 {[%clk 1:32:25]}
6. Bb3 {[%clk 1:32:45]} Bc5 {[%clk 1:32:48]} 7. a4 {[%clk 1:32:36]} Rb8
{[%clk 1:33:14]} 8. axb5 {[%clk 1:32:55]} axb5 {[%clk 1:33:37]} 9. c3
{[%clk 1:33:14]} d6 {[%clk 1:33:46]} 10. d4 {[%clk 1:33:26]} Bb6 {[%clk 1:33:44]}
11. Na3 {[%clk 1:33:37]} O-O {[%clk 1:34:04]} 12. Nxb5 {[%clk 1:33:53]} Bg4
{[%clk 1:34:14]} 13. Bc2 {[%clk 1:33:49]} Bxf3 {[%clk 1:33:46]} 14. gxf3
{[%clk 1:34:07]} Nh5 {[%clk 1:34:04]} 15. f4 {[%clk 1:33:49]} Qh4
{[%clk 1:32:39]} 16. Qf3 {[%clk 1:33:04]} Nxf4 {[%clk 1:28:31]} 17. Bxf4
{[%clk 1:33:25]} exf4 {[%clk 1:22:01]} 18. Kh1 {[%clk 1:33:30]} Ne7
{[%clk 1:22:11]} 19. Rg1 {[%clk 1:33:48]} Ng6 {[%clk 1:18:53]} 20. b4
{[%clk 1:33:38]} Qf6 {[%clk 1:18:51]} 21. Na3 {[%clk 1:28:42]} Rfe8
{[%clk 1:07:25]} 22. Nc4 {[%clk 1:22:33]} Bxd4 {[%clk 1:05:43]} 23. cxd4
{[%clk 1:15:53]} Qxd4 {[%clk 1:05:31]} 24. Na5 {[%clk 1:11:09]} Qd2
{[%clk 1:04:43]} 25. Ba4 {[%clk 1:05:28]} Re6 {[%clk 1:05:03]} 26. Nc6
{[%clk 1:05:37]} Rbe8 {[%clk 1:02:20]} 27. Rad1 {[%clk 1:02:39]} Qb2
{[%clk 0:59:37]} 28. Nd4 {[%clk 1:01:10]} Rxe4 {[%clk 0:59:25]} 29. Bxe8
{[%clk 1:00:15]} Rxe8 {[%clk 0:58:29]} 30. b5 {[%clk 0:58:03]} h6
{[%clk 0:57:18]} 31. Qb3 {[%clk 0:44:04]} Qxb3 {[%clk 0:48:03]} 32. Nxb3
{[%clk 0:42:35]} Re5 {[%clk 0:48:16]} 33. Nd4 {[%clk 0:42:05]} Rd5
{[%clk 0:46:18]} 34. Rge1 {[%clk 0:40:46]} Ne5 {[%clk 0:44:45]} 35. Kg2
{[%clk 0:36:53]} f6 {[%clk 0:43:52]} 36. Re4 {[%clk 0:36:49]} f3+
{[%clk 0:43:39]} 37. Kg3 {[%clk 0:35:53]} g5 {[%clk 0:41:14]} 38. Rc1
{[%clk 0:34:40]} Kf7 {[%clk 0:34:13]} 39. Rxc7+ {[%clk 0:34:53]} Kg6
{[%clk 0:34:38]} 40. b6 {[%clk 1:01:15]} f5 {[%clk 1:04:26]} 41. Rxe5
{[%clk 1:01:36]} Rxd4 {[%clk 1:01:05]} 42. Re6+ {[%clk 1:00:25]} Kh5
{[%clk 1:01:17]} 43. Kxf3 {[%clk 0:58:13]} f4 {[%clk 1:00:45]} 44. h3
{[%clk 0:58:03]} Rd3+ {[%clk 1:01:08]} 45. Kg2 {[%clk 0:58:18]} Rb3
{[%clk 0:59:23]} 46. b7 {[%clk 0:58:03]} 1-0

[Event "WYCC Girls U18"]
[Site "Porto Carras"]
[Date "2015.11.01"]
[Round "7.9"]
[White "Ivanova, Simoneta"]
[Black "Virkud, Apurva"]
[Result "1-0"]
[BlackElo "2027"]
[WhiteElo "2121"]
[LiveChessVersion "1.4.6"]

1. d4 {[%clk 1:30:57]} d5 {[%clk 1:30:54]} 2. c4 {[%clk 1:31:23]} e6
{[%clk 1:31:19]} 3. Nc3 {[%clk 1:31:49]} Nf6 {[%clk 1:31:38]} 4. cxd5
{[%clk 1:32:09]} exd5 {[%clk 1:32:00]} 5. Bg5 {[%clk 1:32:25]} Be7
{[%clk 1:32:17]} 6. e3 {[%clk 1:32:44]} c6 {[%clk 1:32:30]} 7. Qc2
{[%clk 1:32:54]} Nbd7 {[%clk 1:32:36]} 8. Bd3 {[%clk 1:33:09]} O-O
{[%clk 1:32:19]} 9. Nge2 {[%clk 1:33:17]} Re8 {[%clk 1:32:27]} 10. f3
{[%clk 1:32:23]} Nf8 {[%clk 1:31:46]} 11. O-O {[%clk 1:32:39]} Ng6
{[%clk 1:31:38]} 12. Rad1 {[%clk 1:29:41]} Be6 {[%clk 1:30:31]} 13. h3
{[%clk 1:07:51]} Rc8 {[%clk 1:19:33]} 14. e4 {[%clk 1:06:33]} dxe4
{[%clk 1:18:31]} 15. fxe4 {[%clk 1:05:58]} Qc7 {[%clk 1:13:07]} 16. Nf4
{[%clk 0:51:49]} Nh5 {[%clk 0:57:16]} 17. Nxe6 {[%clk 0:49:55]} fxe6
{[%clk 0:57:33]} 18. Qd2 {[%clk 0:24:43]} Bxg5 {[%clk 0:36:37]} 19. Qxg5
{[%clk 0:25:09]} Nhf4 {[%clk 0:36:50]} 20. Bc2 {[%clk 0:16:12]} e5
{[%clk 0:31:16]} 21. Bb3+ {[%clk 0:14:35]} Kh8 {[%clk 0:31:04]} 22. d5
{[%clk 0:14:31]} cxd5 {[%clk 0:28:08]} 23. exd5 {[%clk 0:10:57]} Qc5+
{[%clk 0:19:51]} 24. Kh2 {[%clk 0:08:38]} e4 {[%clk 0:12:30]} 25. Rxf4
{[%clk 0:06:16]} Qd6 {[%clk 0:12:16]} 26. Ne2 {[%clk 0:05:16]} Rf8
{[%clk 0:09:52]} 27. Rdf1 {[%clk 0:03:14]} Nxf4 {[%clk 0:07:37]} 28. Rxf4
{[%clk 0:03:06]} Rf6 {[%clk 0:06:25]} 29. Qg3 {[%clk 0:02:57]} Rg6
{[%clk 0:04:25]} 30. Rg4 {[%clk 0:03:11]} Qxg3+ {[%clk 0:04:33]} 31. Kxg3
{[%clk 0:03:19]} Rxg4+ {[%clk 0:03:57]} 32. Kxg4 {[%clk 0:03:35]} Rf8
{[%clk 0:04:02]} 33. Nc3 {[%clk 0:01:52]} e3 {[%clk 0:03:43]} 34. Kg3
{[%clk 0:01:42]} b5 {[%clk 0:02:28]} 35. d6 {[%clk 0:01:08]} b4 {[%clk 0:01:39]}
36. Ne2 {[%clk 0:00:47]} Rd8 {[%clk 0:01:58]} 37. Kf3 {[%clk 0:01:12]} Rxd6
{[%clk 0:02:22]} 38. Kxe3 {[%clk 0:01:37]} g6 {[%clk 0:02:18]} 39. Nd4
{[%clk 0:01:36]} Kg7 {[%clk 0:01:45]} 40. Kd3 {[%clk 0:31:07]} Rf6
{[%clk 0:30:49]} 41. Bd5 {[%clk 0:30:57]} Rf2 {[%clk 0:28:34]} 42. Ne2
{[%clk 0:28:58]} a5 {[%clk 0:25:51]} 43. Bf3 {[%clk 0:27:49]} Rf1
{[%clk 0:24:29]} 44. Kc2 {[%clk 0:27:44]} Kf6 {[%clk 0:22:46]} 45. a3
{[%clk 0:23:43]} bxa3 {[%clk 0:21:49]} 46. bxa3 {[%clk 0:24:12]} Ke5
{[%clk 0:20:42]} 47. Kb3 {[%clk 0:21:04]} Rb1+ {[%clk 0:19:54]} 48. Ka4
{[%clk 0:20:38]} Ra1 {[%clk 0:18:57]} 49. Nc3 {[%clk 0:20:05]} Kd4
{[%clk 0:16:43]} 50. Nb5+ {[%clk 0:20:06]} Kc5 {[%clk 0:16:36]} 51. Kxa5
{[%clk 0:18:58]} Kc4 {[%clk 0:14:58]} 52. Kb6 {[%clk 0:11:40]} Kb3
{[%clk 0:13:45]} 53. Ka6 {[%clk 0:08:30]} Kc4 {[%clk 0:09:42]} 54. Ka5
{[%clk 0:08:29]} Kb3 {[%clk 0:09:15]} 55. Bd5+ {[%clk 0:08:38]} Kc2
{[%clk 0:08:52]} 56. a4 {[%clk 0:08:15]} Kb2 {[%clk 0:09:03]} 57. Kb4
{[%clk 0:08:04]} Kc2 {[%clk 0:08:44]} 58. Be4+ {[%clk 0:06:56]} Kb2
{[%clk 0:08:04]} 59. a5 {[%clk 0:07:08]} Kc1 {[%clk 0:08:20]} 60. Bb7
{[%clk 0:07:06]} 1-0

[Event "WYCC Girls U18"]
[Site "Porto Carras"]
[Date "2015.11.01"]
[Round "7.10"]
[White "Trippold, Denise"]
[Black "Vasova, Maria"]
[Result "0-1"]
[BlackElo "2120"]
[WhiteElo "1982"]
[LiveChessVersion "1.4.6"]

1. d4 {[%clk 1:30:58]} d5 {[%clk 1:30:56]} 2. Nf3 {[%clk 1:31:09]} Nf6
{[%clk 1:31:19]} 3. c4 {[%clk 1:31:27]} c6 {[%clk 1:31:44]} 4. e3
{[%clk 1:31:47]} Bf5 {[%clk 1:32:05]} 5. Nc3 {[%clk 1:31:48]} e6 {[%clk 1:32:29]}
6. Nh4 {[%clk 1:31:05]} Bg6 {[%clk 1:32:53]} 7. Nxg6 {[%clk 1:30:35]} hxg6
{[%clk 1:33:16]} 8. Bd3 {[%clk 1:29:41]} Qc7 {[%clk 1:31:42]} 9. h3
{[%clk 1:29:17]} Nbd7 {[%clk 1:31:36]} 10. Bd2 {[%clk 1:21:24]} g5
{[%clk 1:15:57]} 11. e4 dxe4 {[%clk 1:15:14]} 12. Nxe4 {[%clk 1:00:22]} Nxe4
{[%clk 1:12:17]} 13. Bxe4 {[%clk 1:00:42]} Nf6 {[%clk 1:09:32]} 14. Bf3
{[%clk 0:55:08]} O-O-O {[%clk 0:58:10]} 15. Bc3 {[%clk 0:37:34]} Bc5
{[%clk 0:48:27]} 16. b4 {[%clk 0:30:02]} Bxd4 {[%clk 0:44:26]} 17. Bxd4
{[%clk 0:30:06]} e5 {[%clk 0:44:52]} 18. Bg4+ {[%clk 0:29:07]} Kb8
{[%clk 0:45:17]} 19. Bxa7+ {[%clk 0:28:48]} Kxa7 {[%clk 0:45:43]} 20. Qe2
{[%clk 0:22:30]} Rd4 {[%clk 0:35:13]} 21. Bf5 {[%clk 0:22:45]} g6
{[%clk 0:28:34]} 22. Bc2 {[%clk 0:22:47]} Qd6 {[%clk 0:27:35]} 23. a3
{[%clk 0:21:55]} Nh5 {[%clk 0:22:08]} 24. g3 {[%clk 0:19:45]} f5 {[%clk 0:19:39]}
25. Rd1 {[%clk 0:14:09]} Nf6 {[%clk 0:15:43]} 26. Kf1 {[%clk 0:13:15]} f4
{[%clk 0:09:06]} 27. Rxd4 {[%clk 0:06:44]} Qxd4 {[%clk 0:09:24]} 28. Qd3
{[%clk 0:06:48]} Rd8 {[%clk 0:06:13]} 29. Qxd4+ {[%clk 0:04:44]} Rxd4
{[%clk 0:06:39]} 30. Ke2 {[%clk 0:04:57]} e4 {[%clk 0:05:12]} 31. gxf4
{[%clk 0:02:03]} gxf4 {[%clk 0:04:40]} 32. Rg1 {[%clk 0:01:27]} Rxc4
{[%clk 0:03:49]} 33. Kd2 {[%clk 0:00:49]} Nd5 {[%clk 0:02:36]} 34. Bb3
{[%clk 0:00:44]} Rd4+ {[%clk 0:00:39]} 35. Ke1 {[%clk 0:01:13]} Rd3
{[%clk 0:00:44]} 36. Bd1 {[%clk 0:00:48]} Rxh3 {[%clk 0:00:44]} 37. Rxg6
{[%clk 0:00:56]} Rh1+ {[%clk 0:00:39]} 38. Kd2 {[%clk 0:01:22]} e3+
{[%clk 0:00:57]} 39. fxe3 {[%clk 0:01:51]} fxe3+ {[%clk 0:01:23]} 40. Kc2
{[%clk 0:30:56]} Rh2+ {[%clk 0:31:36]} 41. Kb3 {[%clk 0:29:29]} e2
{[%clk 0:31:13]} 42. Bxe2 {[%clk 0:28:56]} Rxe2 {[%clk 0:31:38]} 0-1